| 000 | 01223cam a22003254a 4500 | ||
|---|---|---|---|
| 001 | 12658757 | ||
| 005 | 20160711160622.0 | ||
| 008 | 020128s2002 nyua b 000 0 eng | ||
| 010 | _a 2002001272 | ||
| 020 | _a1576854094 | ||
| 040 |
_aDLC _cDLC _dDLC |
||
| 042 | _apcc | ||
| 043 | _an-us--- | ||
| 050 | 0 | 0 |
_aLB1775.6 _b.C54 2002 |
| 082 | 0 | 0 |
_a372.21/023 _221 |
| 100 | 1 | _aChesla, Elizabeth L. | |
| 245 | 1 | 0 |
_aEarly childhood education/preschool teacher career starter / _cElizabeth Chesla and Jelena Matic. |
| 246 | 0 |
_iAt head of title on cover: _aLearningExpress |
|
| 250 | _a1st ed. | ||
| 260 |
_aNew York : _bLearningExpress, _cc2002. |
||
| 300 |
_a1 v. (various pagings) : _bill. ; _c26 cm. |
||
| 504 | _aIncludes bibliographical references. | ||
| 650 | 0 |
_aEarly childhood education _xVocational guidance _zUnited States. |
|
| 650 | 0 |
_aPreschool teaching _xVocational guidance _zUnited States. |
|
| 650 | 0 |
_aEarly childhood teachers _zUnited States. |
|
| 700 | 1 | _aMatic, Jelena. | |
| 906 |
_a7 _bcbc _corignew _d1 _eecip _f20 _gy-gencatlg |
||
| 942 |
_2lcc _cBOOKS _hLB 1775.6 .C54 2002 |
||
| 999 |
_c11690 _d11690 |
||